Administración de recursos humanos: el capital humano de las organizaciones

Furkejuvvon:
Bibliográfalaš dieđut
Váldodahkki: Chiavenato, Idalberto (autor)
Materiálatiipa: Girji
Giella:espánnjágiella
Almmustuhtton: Cuernavaca, México: McGraw-Hill, 2011.
Preanttus:Novena edición.
Fáttát:
Fáddágilkorat: Lasit fáddágilkoriid
Eai fáddágilkorat, Lasit vuosttaš fáddágilkora!

MARC

LEADER 00000cam a2200000 a 4500
001 UCG9623
003 CL-VaPUC
005 20241121102727.0
008 120323e20110000MX |||||||||||||||||spa|d
999 |c 347169  |d 347167 
020 |a 9786071505606 
040 |c Pontificia Universidad Católica de Valparaíso 
082 0 4 |a 658.3 CHI 2011  |2 21 
100 |a Chiavenato, Idalberto   |e autor  |9 88 
245 1 0 |a Administración de recursos humanos: el capital humano de las organizaciones 
250 |a Novena edición. 
260 |a Cuernavaca, México:  |b McGraw-Hill,  |c 2011. 
300 |a 421 páginas.  
583 |a last modification  |c 20130916 05:44:42  |k Rodrigo Vera 
650 0 |a Gestión de recursos humanos   |9 879947 
650 0 |a Conducta colectiva  |9 892935  |x Organizaciones 
650 0 |a Selección de personal  |9 307100 
650 0 |a Trabajo  |9 893865  |x Análisis y descripción 
650 0 |a Salarios  |9 255321 
942 |c BK  |2 ddc 
945 |d 20120323 00:00:00  |a dcastane 
952 |0 0  |1 0  |3 erb  |4 0  |6 658_300000000000000_CHI_2011  |7 0  |8 R  |9 448327  |a BIBENE  |b BIBENE  |d 2019-11-22  |i 484663K  |l 3  |o 658.3 CHI 2011  |p 484663K  |r 2025-03-19  |s 2025-03-19  |w 2019-11-22  |y BK_R  |k ICO 
952 |0 0  |1 0  |3 erb  |4 0  |6 658_300000000000000_CHI_2011  |7 0  |8 R  |9 448328  |a BIBENE  |b BIBENE  |d 2019-11-22  |i 5004772  |l 3  |o 658.3 CHI 2011  |p 5004772  |r 2025-01-15  |s 2024-11-05  |w 2019-11-22  |y BK_R  |z Catalogado en:20130829  |k ICO 
952 |0 0  |1 0  |2 ddc  |3 erb  |4 0  |6 658_300000000000000_CHI_2011  |7 0  |8 R  |9 448329  |a BIBENE  |b BIBENE  |d 2019-11-22  |i 5004780  |o 658.3 CHI 2011  |p 5004780  |r 2025-01-15  |w 2019-11-22  |y BK_R  |z Catalogado en:20130829  |k ICO 
952 |0 0  |1 0  |3 erb  |4 0  |6 658_300000000000000_CHI_2011  |7 0  |8 R  |9 448330  |a BIBENE  |b BIBENE  |d 2019-11-22  |i 5004799  |l 4  |o 658.3 CHI 2011  |p 5004799  |r 2025-01-15  |s 2024-06-10  |w 2019-11-22  |y BK_R  |z Catalogado en:20130829  |k ICO 
952 |0 0  |1 0  |3 erb  |4 0  |6 658_300000000000000_CHI_2011  |7 0  |8 R  |9 448331  |a BIBMEC  |b BIBMEC  |d 2019-11-22  |i 5009618  |o 658.3 CHI 2011  |p 5009618  |r 2024-01-19  |w 2019-11-22  |y BK_R  |z Catalogado en:20130930  |k MEC 
952 |0 0  |1 0  |3 erb  |4 0  |6 658_300000000000000_CHI_2011  |7 0  |8 R  |9 448332  |a BIBMEC  |b BIBMEC  |d 2019-11-22  |i 5012899  |o 658.3 CHI 2011  |p 5012899  |r 2024-01-19  |w 2019-11-22  |y BK_R  |z Catalogado en:20130930  |k MEC 
952 |0 0  |1 0  |3 erb  |4 0  |6 658_300000000000000_CHI_2011  |7 0  |8 A  |9 448333  |a BIBCUR  |b BIBCUR  |i 5039169  |o 658.3 CHI 2011  |p 5039169  |r 2025-04-22  |w 2019-11-22  |y BK  |z Catalogado en:20131227  |k PER 
952 |0 0  |1 0  |3 erb  |4 0  |6 658_300000000000000_CHI_2011  |7 0  |8 R  |9 448334  |a BIBMEC  |b BIBING  |i 5365872  |l 2  |m 1  |o 658.3 CHI 2011  |p 5365872  |r 2024-08-23  |s 2024-08-16  |w 2019-11-22  |y BK_R  |z Catalogado en:20170317  |k MEC 
952 |0 0  |1 0  |2 ddc  |4 0  |6 658_300000000000000_CHI_2011  |7 0  |8 R  |9 591646  |a BIBMEC  |b BIBMEC  |c RES  |d 2023-09-22  |e 3  |g 23934.50  |i 5658758  |o 658.3 CHI 2011  |p 5658758  |r 2024-01-19  |t 9  |v 23934.50  |w 2023-09-22  |y BK_R  |k MEC 
952 |0 0  |1 0  |2 ddc  |4 0  |6 658_300000000000000_CHI_2011  |7 0  |8 R  |9 591647  |a BIBMEC  |b BIBMEC  |c RES  |d 2023-09-22  |e 3  |g 23934.50  |i 5658759  |o 658.3 CHI 2011  |p 5658759  |r 2024-01-19  |t 10  |v 23934.50  |w 2023-09-22  |y BK_R  |k MEC